[Event "Leipzig VfB op 25th"]
[Site "Leipzig"]
[Date "2018.03.22"]
[Round "5"]
[White "Reichert, Matthias"]
[Black "Haag, Wadim"]
[Result "1-0"]
[WhiteElo "1960"]
[BlackElo "1763"]
[PlyCount "45"]
[EventDate "2018.03.20"]
[EventType "swiss"]
[EventRounds "9"]
[EventCountry "GER"]
[SourceTitle "CBM 183 Extra"]
[Source "ChessBase"]
[SourceDate "2018.04.19"]
[SourceVersion "1"]
[SourceVersionDate "2018.04.19"]
[SourceQuality "1"]

1. e4 c5 2. Nf3 d6 3. d4 cxd4 4. Nxd4 Nf6 5. Nc3 a6 6. a4 e6 7. Be2 Be7 8. 0-0 0-0 9. f4 Qc7 10. Kh1 Nbd7 11. Bf3 Rd8 12. Qe1 e5 13. Nf5 Bf8 14. Qg3 g6 15. fxe5 Nxe5 16. Bg5 gxf5 17. Bxf6+ Ng6 18. Nd5 Qxc2 19. Bxd8 fxe4 20. Bxe4 Qxb2 21. Bf6 Qe2 22. Rae1 Qc4 23. Nb6 1-0